| 000 | 00548nam a2200169Ia 4500 | ||
|---|---|---|---|
| 008 | 090201s9999 xx 000 0 und d | ||
| 010 | _aKPL-22638 | ||
| 040 | _bमराठी | ||
| 041 | _aमराठी | ||
| 082 |
_a6408 _b22638 |
||
| 100 | _aशंकर अशोक शहाणे | ||
| 245 |
_aमर्यादित _cशंकर अशोक शहाणे |
||
| 260 |
_c2004 _bइनामदार बंध्र प्रकाशन |
||
| 300 |
_a170 _bमोठा |
||
| 600 | _aमर्यादित | ||
| 942 | _cBOOK | ||
| 999 |
_c207230 _d207230 |
||